000 00228 a2200097 4500
001 42867
100 _aGovt of Pakistan
245 _aPakistan economic survey
260 _aIslamabad
_bGovt of Pakistan
_c
090 _c26756
_d26756
942 _aNUST-CAE
_cM
_c18620
999 _c277940
_d277940